| 000 -LEADER |
| fixed length control field |
00728nam a22002177a 4500 |
| 008 - FIXED-LENGTH DATA ELEMENTS--GENERAL INFORMATION |
| fixed length control field |
150330b xxu||||| |||| 00| 0 eng d |
| 020 ## - INTERNATIONAL STANDARD BOOK NUMBER |
| International Standard Book Number |
9780071802956 |
| 041 0# - LANGUAGE CODE |
| Language code of text/sound track or separate title |
eng |
| 080 ## - UNIVERSAL DECIMAL CLASSIFICATION NUMBER |
| Universal Decimal Classification number |
004 |
| 245 00 - TITLE STATEMENT |
| Title |
Unleashing DB2 10 for Linux, UNIX, and Windows |
| Statement of responsibility, etc |
Danny Arnold ... [et al.]. |
| 250 ## - |
| -- |
1st ed. |
| 260 ## - |
| -- |
[United States] : |
| -- |
IBM, International Technical Support Organization, |
| -- |
2012 |
| 300 ## - |
| -- |
217 f.: |
| -- |
me il.; |
| -- |
23 cm. |
| 650 00 - |
| -- |
IBM Baza e të dhënave |
| 650 00 - |
| -- |
Linux |
| 650 00 - |
| -- |
Unix |
| 650 00 - |
| -- |
Microsoft Windows |
| 700 1# - |
| -- |
Arnold, Danny. |
| 710 2# - |
| -- |
International Business Machines Corporation. |
| -- |
International Technical Support Organization. |
| 942 ## - ADDED ENTRY ELEMENTS (KOHA) |
| Source of classification or shelving scheme |
|
| Item type |
Books |